| 000 | 00715nam a2200229 u 4500 | ||
|---|---|---|---|
| 005 | 20260225064013.0 | ||
| 008 | 171018s2015 es r 000 0 spa d | ||
| 020 | _a9788416421060 | ||
| 035 | _aUPN01000221099 | ||
| 049 | _aCG | ||
| 050 | 4 |
_aB829.5 _bR5.2 |
|
| 100 | 1 |
_aRizo-Patrón de Lerner, Rosemary _941121 |
|
| 245 | 1 | 3 |
_aLa agonía de la razón : _breflexiones desde la fenomenología práctica / _cRosemary Rizo-Patrón de Lerner. |
| 260 |
_aBarcelona, Esp. : _bAnthropos, _c2015. |
||
| 300 | _a399 p. | ||
| 440 | 0 |
_aAutores, textos y temas. _pFilosofía ; _v92 |
|
| 650 | 4 |
_aFenomenología _97867 |
|
| 650 | 4 |
_aÉtica _912720 |
|
| 650 | 4 |
_aConducta de vida _94416 |
|
| 905 | _aLibro | ||
| 999 |
_c193198 _d193198 |
||